000 00626nam a2200253 a 4500
001 nice12345678
003 IN_TiNIC
005 20260116011409.0
008 050524s0000 luca grp 000 0 urd
020 _a
_c4
082 0 0 _a891.4
_bNIY
100 _aNiyaz, Fatehpuri
245 _aNigaristan, 26 Adabi Maqalon Aur Afsanon Ka Majmua
260 _aLucknow
_bNaseem Book Depo
_c0000
300 _a318p
500 _aincludes index and biblioraphy
505 2 _aBibliography
650 _aUrdu-Prose
650 _aUrdu-Fiction
700 1 _aNiyaz, Fatehpuri
902 _bSRS
942 _cBK
999 _c1165
_d1165